Bài tập vẽ kĩ thuật xây dựng

Spremljeno u:
Bibliografski detalji
Glavni autor: Hoàng Như Kim
Format: Knjiga
Jezik:Undetermined
Izdano: Hà Nội ĐH và THCN 1978
Teme:
Oznake: Dodaj oznaku
Bez oznaka, Budi prvi tko označuje ovaj zapis!
Thư viện lưu trữ: Trung tâm Học liệu Trường Đại học Cần Thơ
LEADER 00480nam a2200169Ia 4500
001 CTU_7137
008 210402s9999 xx 000 0 und d
082 |a 604.2076 
082 |b K310 
100 |a Hoàng Như Kim 
245 0 |a Bài tập vẽ kĩ thuật xây dựng 
245 0 |c Hoàng Như Kim 
260 |a Hà Nội 
260 |b ĐH và THCN 
260 |c 1978 
650 |a architectural drawing 
980 |a Trung tâm Học liệu Trường Đại học Cần Thơ